000 00474nam a2200181Ia 4500
005 20250326141618.0
008 250326s9999 xx 000 0 und d
037 _aTextbook
040 _aFMSL
_beng
_cFMSL
041 _aeng
_2eng
084 _qFMSL
100 _aBhargava N K
_9273579
245 0 _aFicial structure of public enterprises
_cBhargava N K
260 _aJaipur
_bJaipur, RBSA Pub.
_c1991
300 _a322p
942 _cTB
999 _c1291144
_d1291144